|
|
|
|
| LEADER |
00000cam a2200000 a 4500 |
| 001 |
vtls010460797 |
| 003 |
SK-MaSNL |
| 005 |
20260425235809.0 |
| 008 |
150827s2011 xo o g 000 0 slo |
| 015 |
|
|
|a SNBA2013
|
| 020 |
|
|
|a 9788080602796 (viaz.)
|
| 035 |
|
|
|a 163550C6-3CD9-455E-991A-8F63FB52227F
|
| 035 |
|
|
|a urn:nbn:sk:snk-amjlsk
|
| 035 |
|
|
|a urn:nbn:sk:snk-am001na3
|
| 040 |
|
|
|a SNK
|b slo
|c SNK
|e AACR2
|
| 041 |
0 |
|
|a slo
|a eng
|
| 043 |
|
|
|a e-xo---
|
| 044 |
|
|
|a xo
|c SK
|
| 072 |
|
7 |
|a 902
|x Archeológia
|2 konspekt
|
| 080 |
|
|
|a 902:904
|2 2001
|
| 080 |
|
|
|a 94(437.6)
|2 2001
|
| 080 |
|
|
|a (084.11)
|2 2001
|
| 080 |
|
|
|a (083.824)
|2 2001
|
| 080 |
|
|
|a 902.2
|2 2001
|
| 080 |
|
|
|a 728.81
|2 2001
|
| 245 |
0 |
0 |
|a Svedectvo času
|b z najnovších a starších nálezov na Bratislavskom hrade : katalóg výstavy
|c Peter Barta ... [et. al.] ; fotografi Slavomír Pjattek ... [et al.]]
|
| 246 |
1 |
1 |
|a Witness of the Past
|
| 250 |
|
|
|a 1. vyd.
|
| 260 |
|
|
|a Bratislava
|b Slovenské národné múzeum - Historické múzeum
|c 2011
|
| 300 |
|
|
|a 135 s.
|b fotogr.
|c 21 cm
|
| 366 |
|
|
|e 500 výt.
|
| 500 |
|
|
|a Tir. aj slov.
|
| 504 |
|
|
|a Bibliogr. s. 134-135. Použité skrat.
|
| 546 |
|
|
|a Súbež. názov a text angl.
|
| 610 |
2 |
7 |
|a Bratislavský hrad
|2 SNKKA
|9 63101
|
| 610 |
2 |
7 |
|a Bratislavský hrad
|2 SNKKAeng
|9 63101
|
| 650 |
0 |
7 |
|a archeologické nálezy
|2 SNKPH
|9 4975
|
| 650 |
0 |
7 |
|a Antiquities
|2 SNKPHeng
|9 101106
|
| 650 |
0 |
7 |
|a archeologické výskumy
|2 SNKPH
|9 74796
|
| 650 |
0 |
7 |
|a Excavations (archaeology)
|2 SNKPHeng
|9 266742
|
| 650 |
0 |
7 |
|a hrady
|2 SNKPH
|9 3039
|
| 650 |
0 |
7 |
|a Castles
|2 SNKPHeng
|9 265903
|
| 651 |
|
7 |
|a Bratislava (Slovensko)
|2 SNKPH
|9 14568
|
| 651 |
|
7 |
|a Bratislava (Slovakia)
|2 SNKPHeng
|9 171234
|
| 655 |
|
7 |
|a obrazové publikácie
|2 SNKPH
|9 70343
|
| 655 |
|
7 |
|a Pictorial works
|2 SNKPHeng
|9 284468
|
| 655 |
|
7 |
|a katalógy výstav
|2 SNKPH
|9 70445
|
| 655 |
|
7 |
|a Exhibition catalogs
|2 SNKPHeng
|9 266232
|
| 700 |
1 |
|
|a Barta, Peter,
|d 1974-
|4 aut
|9 154233
|
| 700 |
1 |
|
|a Lesák, Branislav
|c (archeológ)
|4 aut
|9 176397
|
| 700 |
1 |
|
|a Musilová, Margaréta,
|d 1960-
|4 aut
|9 9190
|
| 700 |
1 |
|
|a Resutík, Branislav
|4 aut
|9 545770
|
| 700 |
1 |
|
|a Pjatek, Slavomír
|4 pht
|9 79876
|
| 700 |
1 |
|
|a Horanský, Peter
|4 pht
|9 359914
|
| 700 |
1 |
|
|a Chromek, Peter
|4 pht
|9 324548
|
| 700 |
1 |
|
|a Musilová, Margaréta,
|d 1960-
|4 pht
|9 9190
|
| 700 |
1 |
|
|a Resutík, Branislav
|4 pht
|9 545770
|
| 852 |
|
|
|a Štátna vedecká knižnica v Banskej Bystrici
|
| 919 |
|
|
|a 978-80-8060-279-6
|
| 958 |
|
|
|a NB
|
| 999 |
|
|
|c 838456
|d 840386
|
| 952 |
|
|
|a SNK
|b SNK
|y PREZ
|7 0
|p 17A1054444
|o snkSC 151555
|i snk2012/21343
|8 0
|0 0
|1 0
|4 0
|d 2012-10-22
|l 0
|r 2025-07-22 00:00:00
|w 2026-02-24
|
| 952 |
|
|
|a SNK
|b SNK
|y VYP
|7 0
|p 17A1054445
|o snkSC 151555 D1
|i snk2012/21344
|8 0
|0 0
|1 0
|4 0
|d 2012-10-22
|f 1
|l 0
|r 2026-02-24 04:01:28
|w 2026-02-24
|